Home Print Resources E-Books E-Journals IIMT Lecture Series Library Membership Form Book Recommendation Form Campus Tour Take AdmissionAbout Us Contact Us

AADHUNIK JANSANCHAR AUR HINDI (Record no. 51072)

000 -LEADER
fixed length control field 00390nam a22001577a 4500
003 - CONTROL NUMBER IDENTIFIER
control field OSt
005 - DATE AND TIME OF LATEST TRANSACTION
control field 20240102060955.0
008 - FIXED-LENGTH DATA ELEMENTS--GENERAL INFORMATION
fixed length control field 211122b xxu||||| |||| 00| 0 eng d
020 ## - INTERNATIONAL STANDARD BOOK NUMBER
International Standard Book Number 9788179653135
040 ## - CATALOGING SOURCE
Transcribing agency IIMT UNIVERSITY,MEERUT
100 ## - MAIN ENTRY--PERSONAL NAME
Personal name HARIMOHAN
245 ## - TITLE STATEMENT
Title AADHUNIK JANSANCHAR AUR HINDI
260 ## - PUBLICATION, DISTRIBUTION, ETC.
Place of publication, distribution, etc. NEW DELHI
Name of publisher, distributor, etc. TAKSHILA PRAKASHAN
Date of publication, distribution, etc. 2018
300 ## - PHYSICAL DESCRIPTION
Extent 191
942 ## - ADDED ENTRY ELEMENTS (KOHA)
Source of classification or shelving scheme
Koha item type Book Bank
Holdings
Withdrawn status Lost status Source of classification or shelving scheme Damaged status Not for loan Home library Current library Date acquired Source of acquisition Cost, normal purchase price Inventory number Barcode Date last seen Uniform Resource Identifier Price effective from Koha item type Total Checkouts Date last checked out
          IIMT University Central Library Meerut IIMT University Central Library Meerut 11/22/2021 ARISTA 600.00 HO/IN/27 15/11/2021 01-B-133692 11/22/2021 HINDI 11/22/2021 Reference Book    
          IIMT University Central Library Meerut IIMT University Central Library Meerut 11/22/2021 ARISTA 600.00 HO/IN/27 15/11/2021 01-B-133693 07/14/2022 HINDI 11/22/2021 Book Bank 1 07/14/2022
          IIMT University Central Library Meerut IIMT University Central Library Meerut 11/22/2021 ARISTA 600.00 HO/IN/27 15/11/2021 01-B-133694 11/22/2021 HINDI 11/22/2021 Book Bank    
          IIMT University Central Library Meerut IIMT University Central Library Meerut 11/22/2021 ARISTA 600.00 HO/IN/27 15/11/2021 01-B-133695 03/16/2023 HINDI 11/22/2021 Book Bank 1 12/22/2022
          IIMT University Central Library Meerut IIMT University Central Library Meerut 11/22/2021 ARISTA 600.00 HO/IN/27 15/11/2021 01-B-133696 11/22/2021 HINDI 11/22/2021 Book Bank    
IIMT, Central Library. All Rights Reserved IIMT,UNIVERSITY © 2023
Implemented and Customised by I CLOUDE EMS
You Are OPAC Visitor No
free web counter

Powered by Koha